Statistics for Biggest British Cities and Towns A-Z

Click here to take the quiz!

General Stats

  • This quiz has been taken 856 times
    (854 since last reset)
  • The average score is 13 of 25

Answer Stats

lettercity% Correct
LLondon 9.48 mil
96%
BBirmingham 2.42 mil
95%
MManchester 1.88 mil
95%
CCardiff 346,000
84%
EEdinburgh 421,000
84%
AAberdeen 208,000
82%
GGlasgow 1.20 mil
81%
NNewcastle upon Tyne 855,000
79%
SSheffield 810,000
66%
YYork 204,000
66%
OOxford 171,000
65%
PPortsmouth 520,000
65%
KKingston upon Hull 573,000
51%
DDerby 750,000
50%
IIpswich 180,000
43%
WWolverhampton 251,000
40%
RReading 423,000
36%
HHuddersfield 422,000
25%
JJarrow 28,000
14%
UUttoxeter 12,000
11%
TTelford 155,000
8%
FFarnborough 65,000
5%
QQueensbury, Yorkshire 9,000
5%
VVentnor, Isle of Wight 6200
5%
ZZeals, Wiltshire 1000
3%

Score Distribution

Percentile by Number Answered

Percent of People with Each Score

Your Score History

You have not taken this quiz since the last reset